Countries Bordering Mediterranean Countries - Statistics

General Stats
  • This quiz has been taken 147 times
  • The average score is 23 of 28
Answer Stats
Countries % Correct
Austria
95%
Chad
94%
Serbia
94%
Sudan
94%
Switzerland
94%
Jordan
93%
Bulgaria
92%
Iraq
92%
Hungary
91%
Mali
91%
Andorra
90%
Armenia
90%
Niger
90%
Belgium
88%
Germany
87%
Mauritania
87%
Vatican City
87%
Macedonia
86%
Kosovo
85%
Luxembourg
84%
Azerbaijan
83%
Iran
83%
San Marino
83%
Portugal
80%
Netherlands
57%
Brazil
45%
Suriname
43%
Montenegro
35%
No matching quizzes found
Score Distribution
Percent of People with Each Score
Percentile by Number Answered
Your Score History
You have not taken this quiz